01033cam a22002531i 4500001001300000003000400013005001700017008004100034010001700075035001900092040005000111042001200161050001800173110009200191245006200283260007900345300004700424500015300471500002000624650002600644650002600670710006600696999001700762e 15001128 DLC20260227111204.0780228s1913 ag a 001 0 spa c ae 15001128  a(OCoLC)3676489 aLibrary, U. S. Office of EducationcDNIEdDLC apremarc00aLC5255.A7bA31 aArgentine Republic.bDirecciòn General de Ense ñanza Secundaria, Normal y Especial.10aConferencias de extensión de la enseñanza secundaria. aBuenos Aires :bTalleres gráficos de la Penitenciaría nacional,c1913. a2 p. l., [7]-369 p., 1 l. :bill., diagrs. aAt head of title: República argentina. Ministerio de justicia e instrucción pública. Dirección general de enseñanza secundaria y especial. aIncludes index. 0aEducationzArgentina. 0aEducation, Secondary.1 aArgentina.bMinisterio de Justicia e Instrucción Pública. c19829d19829